|
|
|
|
| LEADER |
00000cam a2200000 7i4500 |
| 001 |
0000022405 |
| 005 |
20080727.0 |
| 008 |
080727 |
| 020 |
|
|
|a 0814472532
|
| 090 |
0 |
0 |
|a 651.8469
|b FLY
|
| 245 |
1 |
0 |
|a Instant messaging rules :
|b a business guide to managing policies, security, and legal issues for safe IM communication
|c Nancy Flynn
|
| 260 |
|
|
|a New York :
|b American Management Association ,
|c 2004
|
| 650 |
|
0 |
|a Business communication
|
| 650 |
|
0 |
|a Electronic mail messages
|
| 650 |
|
0 |
|a Instant messaging
|
| 999 |
|
|
|a 0001036383
|b Book
|c Adult Collection
|e Perbadanan Perpustakaan Awam Johor
|